Educación popular hoy: entre su refundamentación o su disolución /
Busca determinar la forma en la que las transformaciones de la sociedad y las crisis de los proyectos de transformación social afectan a la práctica de Educación Popular. Además se plantea la agenda para tiempos de transición que debe recorrer la educación popular si quiere seguir aportando a la con...
Guardado en:
| Hovedforfatter: | |
|---|---|
| Format: | Texto |
| Sprog: | Spanish |
| Fag: | |
| Tags: |
Tilføj Tag
Ingen Tags, Vær først til at tagge denne postø!
|
MARC
| LEADER | 00000 a a2200000 04500 | ||
|---|---|---|---|
| 001 | 46643 | ||
| 003 | cru CIDCACS/IIS | ||
| 005 | 20170818132031.0 | ||
| 008 | 170818b xxu||||| |||| 00| 0 spa d | ||
| 999 | |c 26186 |d 26186 | ||
| 040 | |c cru CIDCACS/IIS | ||
| 100 | |a Mejía Jiménez, Marco Raúl | ||
| 245 | |a Educación popular hoy: |b entre su refundamentación o su disolución / |c Marco Raúl Mejía Jiménez | ||
| 520 | |a Busca determinar la forma en la que las transformaciones de la sociedad y las crisis de los proyectos de transformación social afectan a la práctica de Educación Popular. Además se plantea la agenda para tiempos de transición que debe recorrer la educación popular si quiere seguir aportando a la conformación de un movimiento y de un pensamiento crítico desde las particularidades de un mundo con poder globalizado pero a la vez enraizado en lo local. En el texto se describen los elementos que caracterizan la crisis global, de proyecto y de la Educación Popular; posteriormente se explica la agenda prioritaria para la misma. Se finaliza reflexionando sobre la necesidad de que la Educación Popular se reconstruya desde su propia historia. | ||
| 650 | 1 | 0 | |9 4082 |a CIENCIAS DE LA EDUCACION |
| 650 | 1 | 0 | |9 388 |a GLOBALIZACION |
| 650 | 4 | |9 1933 |a CAMBIO SOCIAL | |
| 650 | 1 | 0 | |9 291 |a EDUCACION POPULAR |
| 650 | 1 | 0 | |9 2143 |a CRISIS SOCIAL |
| 773 | |a número5 ( , 1996), páginas 82-90 | ||
| 942 | |2 ddc |c PP | ||
